| 000 | 00435nam a2200097Ia 4500 | ||
|---|---|---|---|
| 008 | 180130s9999 xx 000 0 und d | ||
| 245 |
_cDai, Jianmin; Raine, Roxanne B.; Roscoe, Roe; Zhiqiang, Cai; McNamara, Danielle S. _aThe Writing-Pal tutorial system: development and design |
||
| 260 | _c2016 | ||
| 300 | _aBook title: Innovations in computer science and engineering--Acession number C20551; pages 171-181 | ||
| 650 | _aCOMPUTER SCIENCE | ||
| 999 |
_c353751 _d353751 |
||